<?xml version="1.0" encoding="UTF-8"?>
<record
    xmlns:xsi="http://www.w3.org/2001/XMLSchema-instance"
    xsi:schemaLocation="http://www.loc.gov/MARC21/slim http://www.loc.gov/standards/marcxml/schema/MARC21slim.xsd"
    xmlns="http://www.loc.gov/MARC21/slim">

  <leader>03527nam a22002777a 4500</leader>
  <controlfield tag="008">250514b        |||||||| |||| 00| 0 eng d</controlfield>
  <datafield tag="020" ind1=" " ind2=" ">
    <subfield code="a">9788419878793</subfield>
  </datafield>
  <datafield tag="040" ind1=" " ind2=" ">
    <subfield code="c">tbs</subfield>
  </datafield>
  <datafield tag="041" ind1=" " ind2=" ">
    <subfield code="a">spa</subfield>
  </datafield>
  <datafield tag="041" ind1=" " ind2=" ">
    <subfield code="h">eng</subfield>
  </datafield>
  <datafield tag="050" ind1=" " ind2=" ">
    <subfield code="a">QH375</subfield>
    <subfield code="b">.M37 2021</subfield>
  </datafield>
  <datafield tag="100" ind1=" " ind2=" ">
    <subfield code="a">Marletto, Chiara</subfield>
    <subfield code="9">25215</subfield>
    <subfield code="e">author</subfield>
  </datafield>
  <datafield tag="240" ind1=" " ind2=" ">
    <subfield code="a">The science of can and can't ;</subfield>
    <subfield code="l">Spanish.</subfield>
  </datafield>
  <datafield tag="245" ind1=" " ind2=" ">
    <subfield code="a">La ciencia de lo posible</subfield>
    <subfield code="b">: f&#xED;sica de los mundos alternativos</subfield>
    <subfield code="c">/ Chiara Marletto.</subfield>
  </datafield>
  <datafield tag="250" ind1=" " ind2=" ">
    <subfield code="a">First edition.</subfield>
  </datafield>
  <datafield tag="260" ind1=" " ind2=" ">
    <subfield code="a">Madrid :</subfield>
    <subfield code="b">Editorial Pinolia,</subfield>
    <subfield code="c">2024.</subfield>
  </datafield>
  <datafield tag="300" ind1=" " ind2=" ">
    <subfield code="a">233 pages :</subfield>
    <subfield code="b">illustrations (black and white) ;</subfield>
    <subfield code="c">23 cm.</subfield>
  </datafield>
  <datafield tag="490" ind1=" " ind2=" ">
    <subfield code="a">Divulgaci&#xF3;n cient&#xED;fica</subfield>
  </datafield>
  <datafield tag="504" ind1=" " ind2=" ">
    <subfield code="a">Includes bibliographical references and index.</subfield>
  </datafield>
  <datafield tag="520" ind1=" " ind2=" ">
    <subfield code="a">Existe una vasta categor&#xED;a de cosas que la ciencia, hasta ahora, ha descuidado casi por completo. Son fundamentales para comprender la realidad f&#xED;sica, tanto a nivel cotidiano como en los fen&#xF3;menos m&#xE1;s b&#xE1;sicos de la f&#xED;sica, pero tradicionalmente se ha asumido que es imposible incorporarlas a las explicaciones cient&#xED;ficas fundamentales. Se trata de hechos no sobre lo que es&#x2014;lo actual&#x2014;sino sobre lo que podr&#xED;a ser: los contrafactuales.

Seg&#xFA;n la f&#xED;sica Chiara Marletto, las leyes sobre lo que es posible o imposible podr&#xED;an ofrecer una forma alternativa de proporcionar explicaciones. Este enfoque fascinante y de gran alcance tiene el potencial de revolucionar la manera en que se formula la f&#xED;sica fundamental, adem&#xE1;s de ofrecer herramientas esenciales para enfrentar desaf&#xED;os tecnol&#xF3;gicos actuales, desde el desarrollo de la pr&#xF3;xima generaci&#xF3;n de dispositivos de procesamiento de informaci&#xF3;n, m&#xE1;s all&#xE1; de la computadora cu&#xE1;ntica universal, hasta el dise&#xF1;o de inteligencias artificiales.

Cada cap&#xED;tulo del libro expone c&#xF3;mo un problema abierto y persistente en la ciencia puede resolverse mediante este enfoque radicalmente distinto; y se complementa con breves relatos de ficci&#xF3;n que explican el punto principal del cap&#xED;tulo. Como demuestra Marletto, contemplar lo que es posible puede ofrecernos una visi&#xF3;n m&#xE1;s completa y esperanzadora del mundo f&#xED;sico.</subfield>
  </datafield>
  <datafield tag="520" ind1=" " ind2=" ">
    <subfield code="a">There is a vast class of things that science has so far almost entirely neglected. They are central to the understanding of physical reality both at an everyday level and at the level of the most fundamental phenomena in physics, yet have traditionally been assumed to be impossible to incorporate into fundamental scientific explanations. They are facts not about what is--the actual--but about what could be: counterfactuals. According to physicist Chiara Marletto, laws about things being possible or impossible may generate an alternative way of providing explanations. This fascinating, far-reaching approach holds promise for revolutionizing the way fundamental physics is formulated, but also for providing essential tools to face existing technological challenges, from delivering the next generation of information-processing devices, beyond the universal quantum computer, to designing AIs. Each chapter in the book delineates how an existing vexed open problem in science can be solved by this radically different approach; and it is augmented by short fictional stories that explicate the main point of the chapter. As Marletto demonstrates, contemplating what is possible can give us a more complete and hopeful picture of the physical world.</subfield>
  </datafield>
  <datafield tag="650" ind1=" " ind2="0">
    <subfield code="a">Science</subfield>
    <subfield code="x">Philosophy</subfield>
    <subfield code="9">13314</subfield>
  </datafield>
  <datafield tag="650" ind1=" " ind2="0">
    <subfield code="a">Natural selection</subfield>
    <subfield code="9">11117</subfield>
  </datafield>
  <datafield tag="650" ind1=" " ind2="0">
    <subfield code="a">Counterfactuals (Logic)</subfield>
    <subfield code="9">25216</subfield>
  </datafield>
  <datafield tag="942" ind1=" " ind2=" ">
    <subfield code="2">lcc</subfield>
  </datafield>
  <datafield tag="952" ind1=" " ind2=" ">
    <subfield code="0">0</subfield>
    <subfield code="1">0</subfield>
    <subfield code="2">lcc</subfield>
    <subfield code="4">0</subfield>
    <subfield code="7">0</subfield>
    <subfield code="a">TBS</subfield>
    <subfield code="b">TBS</subfield>
    <subfield code="d">2025-05-14</subfield>
    <subfield code="l">0</subfield>
    <subfield code="o">QH375 MAR</subfield>
    <subfield code="p">B05849</subfield>
    <subfield code="r">2025-05-14</subfield>
    <subfield code="t">1</subfield>
    <subfield code="w">2025-05-14</subfield>
    <subfield code="y">1</subfield>
  </datafield>
  <datafield tag="999" ind1=" " ind2=" ">
    <subfield code="c">4657</subfield>
    <subfield code="d">4657</subfield>
  </datafield>
</record>
